<?xml version="1.0" encoding="UTF-8"?>
<record
    xmlns:xsi="http://www.w3.org/2001/XMLSchema-instance"
    xsi:schemaLocation="http://www.loc.gov/MARC21/slim http://www.loc.gov/standards/marcxml/schema/MARC21slim.xsd"
    xmlns="http://www.loc.gov/MARC21/slim">

  <leader>00677nam a22002057a 4500</leader>
  <controlfield tag="003">OSt</controlfield>
  <controlfield tag="005">20260619105416.0</controlfield>
  <controlfield tag="008">260616b        |||||||| |||| 00| 0 eng d</controlfield>
  <datafield tag="020" ind1=" " ind2=" ">
    <subfield code="a">0325005273</subfield>
  </datafield>
  <datafield tag="040" ind1=" " ind2=" ">
    <subfield code="c">Chuka University</subfield>
  </datafield>
  <datafield tag="050" ind1=" " ind2=" ">
    <subfield code="a">LB 1529</subfield>
    <subfield code="b"> .C35 2005</subfield>
  </datafield>
  <datafield tag="100" ind1=" " ind2=" ">
    <subfield code="a">Calkins, Lucy &amp; Pat Bleichman</subfield>
    <subfield code="9">27666</subfield>
  </datafield>
  <datafield tag="245" ind1=" " ind2=" ">
    <subfield code="a">The Craft of Revision</subfield>
  </datafield>
  <datafield tag="260" ind1=" " ind2=" ">
    <subfield code="a">Portsmouth</subfield>
    <subfield code="b">Firsthand</subfield>
    <subfield code="c">2003</subfield>
  </datafield>
  <datafield tag="300" ind1=" " ind2=" ">
    <subfield code="a">120pp</subfield>
    <subfield code="b">Illustrated</subfield>
  </datafield>
  <datafield tag="650" ind1=" " ind2=" ">
    <subfield code="a">English language- composition and exercises- study and teaching (primary)</subfield>
    <subfield code="9">28027</subfield>
  </datafield>
  <datafield tag="650" ind1=" " ind2=" ">
    <subfield code="a">Editing- study and teaching (primary)- united states</subfield>
    <subfield code="9">29343</subfield>
  </datafield>
  <datafield tag="650" ind1=" " ind2=" ">
    <subfield code="a">Curriculum planning- United states</subfield>
    <subfield code="9">26921</subfield>
  </datafield>
  <datafield tag="942" ind1=" " ind2=" ">
    <subfield code="2">lcc</subfield>
    <subfield code="c">BK</subfield>
    <subfield code="n">0</subfield>
  </datafield>
  <datafield tag="952" ind1=" " ind2=" ">
    <subfield code="0">0</subfield>
    <subfield code="1">0</subfield>
    <subfield code="2">lcc</subfield>
    <subfield code="4">0</subfield>
    <subfield code="7">0</subfield>
    <subfield code="8">LGL</subfield>
    <subfield code="a">CHK</subfield>
    <subfield code="b">CHK</subfield>
    <subfield code="c">GEN</subfield>
    <subfield code="d">2026-06-16</subfield>
    <subfield code="e">Donations from books for Africa</subfield>
    <subfield code="g">1034.15</subfield>
    <subfield code="l">0</subfield>
    <subfield code="o">LB 1529 .C35 2005</subfield>
    <subfield code="p">34831/2026</subfield>
    <subfield code="r">2026-06-16 11:06:24</subfield>
    <subfield code="t">1</subfield>
    <subfield code="w">2026-06-16</subfield>
    <subfield code="y">BK</subfield>
  </datafield>
  <datafield tag="952" ind1=" " ind2=" ">
    <subfield code="0">0</subfield>
    <subfield code="1">0</subfield>
    <subfield code="2">lcc</subfield>
    <subfield code="4">0</subfield>
    <subfield code="7">0</subfield>
    <subfield code="8">LGL</subfield>
    <subfield code="a">CHK</subfield>
    <subfield code="b">CHK</subfield>
    <subfield code="c">GEN</subfield>
    <subfield code="d">2026-06-16</subfield>
    <subfield code="e">Donations from books for Africa</subfield>
    <subfield code="g">1034.15</subfield>
    <subfield code="l">0</subfield>
    <subfield code="o">LB 1529 .C35 2005</subfield>
    <subfield code="p">34830/2026</subfield>
    <subfield code="r">2026-06-16 11:07:16</subfield>
    <subfield code="t">2</subfield>
    <subfield code="w">2026-06-16</subfield>
    <subfield code="y">BK</subfield>
  </datafield>
  <datafield tag="952" ind1=" " ind2=" ">
    <subfield code="0">0</subfield>
    <subfield code="1">0</subfield>
    <subfield code="2">lcc</subfield>
    <subfield code="4">0</subfield>
    <subfield code="7">0</subfield>
    <subfield code="8">LGL</subfield>
    <subfield code="a">CHK</subfield>
    <subfield code="b">CHK</subfield>
    <subfield code="c">GEN</subfield>
    <subfield code="d">2026-06-16</subfield>
    <subfield code="e">Donations from books for Africa</subfield>
    <subfield code="g">1034.15</subfield>
    <subfield code="l">0</subfield>
    <subfield code="o">LB 1529 .C35 2005</subfield>
    <subfield code="p">34829/2026</subfield>
    <subfield code="r">2026-06-16 11:09:07</subfield>
    <subfield code="t">3</subfield>
    <subfield code="w">2026-06-16</subfield>
    <subfield code="y">BK</subfield>
  </datafield>
  <datafield tag="952" ind1=" " ind2=" ">
    <subfield code="0">0</subfield>
    <subfield code="1">0</subfield>
    <subfield code="2">lcc</subfield>
    <subfield code="4">0</subfield>
    <subfield code="7">0</subfield>
    <subfield code="8">LGL</subfield>
    <subfield code="a">CHK</subfield>
    <subfield code="b">CHK</subfield>
    <subfield code="c">GEN</subfield>
    <subfield code="d">2026-06-16</subfield>
    <subfield code="e">Donations from books for Africa</subfield>
    <subfield code="g">1034.15</subfield>
    <subfield code="l">0</subfield>
    <subfield code="o">LB 1529 .C35 2005</subfield>
    <subfield code="p">34828/2026</subfield>
    <subfield code="r">2026-06-16 11:10:23</subfield>
    <subfield code="t">4</subfield>
    <subfield code="w">2026-06-16</subfield>
    <subfield code="y">BK</subfield>
  </datafield>
  <datafield tag="952" ind1=" " ind2=" ">
    <subfield code="0">0</subfield>
    <subfield code="1">0</subfield>
    <subfield code="2">lcc</subfield>
    <subfield code="4">0</subfield>
    <subfield code="7">0</subfield>
    <subfield code="8">LGL</subfield>
    <subfield code="a">CHK</subfield>
    <subfield code="b">CHK</subfield>
    <subfield code="c">GEN</subfield>
    <subfield code="d">2026-06-16</subfield>
    <subfield code="e">Donations from books for Africa</subfield>
    <subfield code="g">1034.15</subfield>
    <subfield code="l">0</subfield>
    <subfield code="o">LB 1529 .C35 2005</subfield>
    <subfield code="p">34827/2026</subfield>
    <subfield code="r">2026-06-16 11:10:58</subfield>
    <subfield code="t">5</subfield>
    <subfield code="w">2026-06-16</subfield>
    <subfield code="y">BK</subfield>
  </datafield>
  <datafield tag="952" ind1=" " ind2=" ">
    <subfield code="0">0</subfield>
    <subfield code="1">0</subfield>
    <subfield code="2">lcc</subfield>
    <subfield code="4">0</subfield>
    <subfield code="7">0</subfield>
    <subfield code="8">LGL</subfield>
    <subfield code="a">CHK</subfield>
    <subfield code="b">CHK</subfield>
    <subfield code="c">GEN</subfield>
    <subfield code="d">2026-06-16</subfield>
    <subfield code="e">Donations from books for Africa</subfield>
    <subfield code="g">1034.15</subfield>
    <subfield code="l">0</subfield>
    <subfield code="o">LB 1529 .C35 2005</subfield>
    <subfield code="p">34826/2026</subfield>
    <subfield code="r">2026-06-16 11:33:21</subfield>
    <subfield code="t">6</subfield>
    <subfield code="w">2026-06-16</subfield>
    <subfield code="y">BK</subfield>
  </datafield>
  <datafield tag="952" ind1=" " ind2=" ">
    <subfield code="0">0</subfield>
    <subfield code="1">0</subfield>
    <subfield code="2">lcc</subfield>
    <subfield code="4">0</subfield>
    <subfield code="7">0</subfield>
    <subfield code="8">LGL</subfield>
    <subfield code="a">CHK</subfield>
    <subfield code="b">CHK</subfield>
    <subfield code="c">GEN</subfield>
    <subfield code="d">2026-06-16</subfield>
    <subfield code="e">Donations from books for Africa</subfield>
    <subfield code="g">1034.15</subfield>
    <subfield code="l">0</subfield>
    <subfield code="o">LB 1529 .C35 2005</subfield>
    <subfield code="p">34825/2026</subfield>
    <subfield code="r">2026-06-16 11:40:32</subfield>
    <subfield code="t">8</subfield>
    <subfield code="w">2026-06-16</subfield>
    <subfield code="y">BK</subfield>
  </datafield>
  <datafield tag="952" ind1=" " ind2=" ">
    <subfield code="0">0</subfield>
    <subfield code="1">0</subfield>
    <subfield code="2">lcc</subfield>
    <subfield code="4">0</subfield>
    <subfield code="7">0</subfield>
    <subfield code="8">LGL</subfield>
    <subfield code="a">CHK</subfield>
    <subfield code="b">CHK</subfield>
    <subfield code="c">GEN</subfield>
    <subfield code="d">2026-06-16</subfield>
    <subfield code="e">Donations from books for Africa</subfield>
    <subfield code="g">1034.15</subfield>
    <subfield code="l">0</subfield>
    <subfield code="o">LB 1529 .C35 2005</subfield>
    <subfield code="p">35234/2026</subfield>
    <subfield code="r">2026-06-16 11:42:16</subfield>
    <subfield code="t">7</subfield>
    <subfield code="w">2026-06-16</subfield>
    <subfield code="y">BK</subfield>
  </datafield>
  <datafield tag="952" ind1=" " ind2=" ">
    <subfield code="0">0</subfield>
    <subfield code="1">0</subfield>
    <subfield code="2">lcc</subfield>
    <subfield code="4">0</subfield>
    <subfield code="7">0</subfield>
    <subfield code="8">LGL</subfield>
    <subfield code="a">CHK</subfield>
    <subfield code="b">CHK</subfield>
    <subfield code="c">GEN</subfield>
    <subfield code="d">2026-06-19</subfield>
    <subfield code="e">Donations from Books for Africa</subfield>
    <subfield code="g">1034.15</subfield>
    <subfield code="l">0</subfield>
    <subfield code="o">LB 1529 .C35 2005</subfield>
    <subfield code="p">33576/2026</subfield>
    <subfield code="r">2026-06-19 11:00:12</subfield>
    <subfield code="t">9</subfield>
    <subfield code="w">2026-06-19</subfield>
    <subfield code="y">BK</subfield>
  </datafield>
  <datafield tag="952" ind1=" " ind2=" ">
    <subfield code="0">0</subfield>
    <subfield code="1">0</subfield>
    <subfield code="2">lcc</subfield>
    <subfield code="4">0</subfield>
    <subfield code="7">0</subfield>
    <subfield code="8">LGL</subfield>
    <subfield code="a">CHK</subfield>
    <subfield code="b">CHK</subfield>
    <subfield code="c">GEN</subfield>
    <subfield code="d">2026-06-19</subfield>
    <subfield code="e">Donations from Books for Africa</subfield>
    <subfield code="g">1034.15</subfield>
    <subfield code="l">0</subfield>
    <subfield code="o">LB 1529 .C35 2005</subfield>
    <subfield code="p">33575/2026</subfield>
    <subfield code="r">2026-06-19 11:00:12</subfield>
    <subfield code="t">10</subfield>
    <subfield code="w">2026-06-19</subfield>
    <subfield code="y">BK</subfield>
  </datafield>
  <datafield tag="952" ind1=" " ind2=" ">
    <subfield code="0">0</subfield>
    <subfield code="1">0</subfield>
    <subfield code="2">lcc</subfield>
    <subfield code="4">0</subfield>
    <subfield code="7">0</subfield>
    <subfield code="8">LGL</subfield>
    <subfield code="a">CHK</subfield>
    <subfield code="b">CHK</subfield>
    <subfield code="c">GEN</subfield>
    <subfield code="d">2026-06-19</subfield>
    <subfield code="e">Donations from Books for Africa</subfield>
    <subfield code="g">1034.15</subfield>
    <subfield code="l">0</subfield>
    <subfield code="o">LB 1529 .C35 2005</subfield>
    <subfield code="p">33574/2026</subfield>
    <subfield code="r">2026-06-19 11:00:12</subfield>
    <subfield code="t">11</subfield>
    <subfield code="w">2026-06-19</subfield>
    <subfield code="y">BK</subfield>
  </datafield>
  <datafield tag="999" ind1=" " ind2=" ">
    <subfield code="c">24358</subfield>
    <subfield code="d">24358</subfield>
  </datafield>
</record>
